000 00488nam a2200157 i 4500
001 51590
003 ES-MaACL
005 20230906162406.0
007 t|
008 030813s1926 fr ||||1| fre d
100 1 _aDamade, René.
_942549
245 1 0 _aEtudes sur le tubage duodénal, l'epreuve de Meltzer-Lyon, l'alimentation duodénale /
_cpar René Damade.
260 _a[S.l. :
_bs.n.,
_c1926] (
_eBordeaux :
_fY. Cadoret)
300 _a100 p. ;
_c24 cm.
852 _aES-MaACL
_jB-11559
999 _c51590
_d51590